01119cam a22003734i 4500003000900000005001700009008004100026020001500067035002700082040003300109082002200142100003200164245006600196264006900262300003900331336002100370337002500391338002300416490005800439504003700497505007100534526001000605526001000615526001000625526001000635526000800645526000800653526000800661526000800669526000800677526000800685526000800693630004400701PE-LiUPU20250731173507.0150616s1995 miu rb 000 0 eng d a0802823092 a(Sirsi) i9780802823090 aPE-LiUPUbspacPE-LiUPUerda04a221.07bNICOT2211 aHamilton, Victor P,eautor.14aThe Book of Genesis :bchapters 18-50 /cVíctor P Hamilton. 1aGrand Rapids, Michigan :bWm. B. Eerdmans Publishing Co.,c1995. a774 páginas ;c24 centímetros. atext2rdacontent aunmediated2rdamedia avolume2rdacarrier0 aThe New International Commentary on the Old Testament aBibliografía al pie de pagina.0 aComentarios sobre los capítulos de Genesis del 18 al 50 Genesis. aSEG42 aSEG41 aSEG40 aSEG39 aP94 aP87 aP86 aP85 aP77 aP76 aP35 aBiblia.pA.T.PG énesisxComentarios.